Los Jaivas: 50 años de historia

সংরক্ষণ করুন:
গ্রন্থ-পঞ্জীর বিবরন
প্রধান লেখক: Urbina Alvial, Pamela (Author)
বিন্যাস: গ্রন্থ
ভাষা:স্প্যানিশ
প্রকাশিত: Santiago Ediciones B Chile S. A 2013
সংস্করন:1a. ed
বিষয়গুলি:
ট্যাগগুলো: ট্যাগ যুক্ত করুন
কোনো ট্যাগ নেই, প্রথমজন হিসাবে ট্যাগ করুন!

MARC

LEADER 00000cam a2200000 a 4500
001 UCE1736
003 CL-VaPUC
008 140508e20130700cl |||||||||||||||||spa|d
020 |a 9789563041453 
082 0 4 |a 780.983  |b URB  |2 21 
100 0 |a Urbina Alvial, Pamela  |e author  |9 574125 
245 1 4 |a Los Jaivas: 50 años de historia 
250 |a 1a. ed 
300 |a 266 p 
942 |c BK 
945 |d 20140508 16:03:00  |a dcastane 
260 |a Santiago  |b Ediciones B Chile S. A  |c 2013 
600 0 |a Los Jaivas  |9 471714 
650 7 |a GRUPOS MUSICALES  |2 CL-VaPUC  |9 521019 
650 0 |a Música folklórica  |9 306412 
650 0 |a Música popular  |9 356085 
583 |a last modification  |c 20140508 16:03:00  |k Rodrigo Vera 
999 |c 355456  |d 355454 
952 |0 0  |1 0  |3 erb  |4 0  |6 780_983000000000000_URB_2013  |7 0  |8 A  |9 462186  |a BIBEDU  |b BIBEDU  |i 5076692  |l 2  |m 1  |o 780.983 URB 2013  |p 5076692  |r 2023-01-12  |s 2022-08-22  |w 2019-11-23  |y BK  |z Catalogado en:20140508  |k MUS